Fundamentals of managerial finance (Record no. 63362)

MARC details
000 -LEADER
fixed length control field 01030nam a2200193 a 4500
008 - FIXED-LENGTH DATA ELEMENTS--GENERAL INFORMATION
fixed length control field 120416s1981 ||||||||||||||||| || u
020 ## - INTERNATIONAL STANDARD BOOK NUMBER
International Standard Book Number 0538061014
050 ## - LIBRARY OF CONGRESS CALL NUMBER
Classification number HG 4026 Nev
100 ## - MAIN ENTRY--PERSONAL NAME
Personal name Neveu, Raymond P
245 10 - TITLE STATEMENT
Title Fundamentals of managerial finance
246 ## -
-- study guide and supplement
260 ## - PUBLICATION, DISTRIBUTION, ETC.
Place of publication, distribution, etc. New York
Name of publisher, distributor, etc. South-Western Publishing
Date of publication, distribution, etc. 1981
300 ## - PHYSICAL DESCRIPTION
Extent vi, 141p.
350 ## -
-- 0.00
995 ## -
-- ANNEX COLLECTION (Main Library)
-- 0.00
-- 024467
-- CBU-MAIN LIBRARY (Kitwe)
-- 1
-- 10.00
-- HG 4026 Nev
-- AVAILABLE
-- 024467
-- Annex Low-Usage Collection
995 ## -
-- ANNEX COLLECTION (Main Library)
-- 0.00
-- 024468
-- CBU-MAIN LIBRARY (Kitwe)
-- 2
-- 10.00
-- HG 4026 Nev
-- AVAILABLE
-- 024468
-- Annex Low-Usage Collection
995 ## -
-- ANNEX COLLECTION (Main Library)
-- 0.00
-- 024463
-- CBU-MAIN LIBRARY (Kitwe)
-- 4
-- 10.00
-- HG 4026 Nev
-- AVAILABLE
-- 024463
-- Annex Low-Usage Collection
995 ## -
-- ANNEX COLLECTION (Main Library)
-- 0.00
-- 024469
-- CBU-MAIN LIBRARY (Kitwe)
-- 3
-- 10.00
-- HG 4026 Nev
-- AVAILABLE
-- 024469
-- Annex Low-Usage Collection
999 ## -
-- 63362
-- 63362
Holdings
Withdrawn status Lost status Source of classification or shelving scheme Damaged status Not for loan Permanent Location Current Location Shelving location Date acquired Total Checkouts Full call number Barcode Date last seen Price effective from Koha item type
          CBU-MAIN LIBRARY, KITWE. CBU-MAIN LIBRARY, KITWE.   12/24/2022   HG 4026 Nev 024467 12/24/2022 12/24/2022 MONOGRAPH
          CBU-MAIN LIBRARY, KITWE. CBU-MAIN LIBRARY, KITWE.   12/24/2022   HG 4026 Nev 024468 12/24/2022 12/24/2022 MONOGRAPH
Withdrawn         CBU-MAIN LIBRARY, KITWE. CBU-MAIN LIBRARY, KITWE.   12/24/2022   HG 4026 Nev 024463 12/24/2022 12/24/2022 MONOGRAPH
Withdrawn         CBU-MAIN LIBRARY, KITWE. CBU-MAIN LIBRARY, KITWE.   12/24/2022   HG 4026 Nev 024469 12/24/2022 12/24/2022 MONOGRAPH